000
00309nam a2200109 4500
008
b xx# fre u
040
_a
LB-BrCRDP
082
1
_a
740
_b
LEG
245
1
0
_a
J'apprends à dessiner les dinosaures
_c
Philippe Legendre
942
_c
BK
999
_c
9613
_d
9613